000 00827nam a2200265 i 4500
001 bgj
100 1 _aTWAIN, Mark
_d(1835-1910)
245 1 0 _aThe Tragedy of Pudd'nhead Wilson :
_bwith a foreword of Wright Morris : revised and updated bibliography /
_cMark Twain.
260 _aNew York :
_bA Signet Classic,
_c1980.
300 _a172 pp :
_bill. ;
_c18 cm.
504 _aIncludes bibliography p. 173-175.
650 9 _aInfants switched at birth
650 9 _aImpostors and impostures
650 9 _aPassing (|Identity)
650 9 _aTrials (|Murder)
650 9 _aRace relations
650 9 _aConjoined twins
650 9 _aLegal Stories
655 _aFiction
700 1 _aCLEMENS, Samuel Langhorne
_d(1835-1910)
040 _cBPK
041 0 _aeng
942 _cKS
008 s uk f |000 0 eng
999 _c48356
_d48356